| 000 | 00553nam a22001937a 4500 | ||
|---|---|---|---|
| 005 | 20250213154038.0 | ||
| 010 | _a127234 | ||
| 020 |
_c1095.00 _a9789380607962 |
||
| 035 | _aEN-127234 | ||
| 037 | _bDBAD | ||
| 082 | _a320.954 | ||
| 100 |
_aCopley Antony _977559 |
||
| 245 |
_aMusic And The Spiritual/ _cBy Antony Copley |
||
| 250 | _a1 | ||
| 260 |
_aNew Delhi _bPrimus Book _c2012 |
||
| 270 |
_bNew Delhi _aVirat Bhawan, Mukherjee Nagar, Commercial Complex _e110009 |
||
| 300 |
_a352 _c21cm(HB) |
||
| 942 |
_2ddc _cEN _h320.954 _mCOP |
||
| 999 |
_c208981 _d208981 |
||